[Event "Orsha A 2021"]
[Site "Orsha"]
[Date "2021.04.09"]
[Round "6.5"]
[White "Tsaruk, Maksim"]
[Black "Elkin, Leonid"]
[Result "1-0"]
[WhiteElo "2306"]
[BlackElo "2054"]
[Annotator "TA"]
[PlyCount "79"]
[EventDate "2021.04.06"]
[EventType "swiss"]
[EventCountry "BLR"]
[SourceTitle "playchess.com"]
[Source "ChessBase"]
[SourceQuality "1"]

{[%evp 19,79,65,68,-55,38,18,68,73,61,74,64,69,73,14,20,0,54,53,29,29,112,29,44,41,43,0,0,0,0,0,0,-4,30,30,30,30,30,28,21,21,84,53,169,160,145,146,135,24,24,23,22,0,156,148,326,281,855,851,695,630,1729,1314]} 1. e4 c5 2. Nf3 d6 3. d4 cxd4 4. Nxd4 Nf6 5. Nc3 g6 6. Be3 Bg7 7. f3 O-O 8. Qd2 Nc6 9. g4 Be6 {9...Be6 scores better than 9...Nxd4.} 10. Nxe6 fxe6 11. g5 {B76: Sicilian Dragon: Yugoslav Attack, 9 g4 and 9 0-0-0.} (11. O-O-O $14) 11... Nd7 (11... Nh5 $15 12. Bc4 Qc8) 12. f4 e5 13. f5 {White is slightly better.} Nd4 14. O-O-O $1 gxf5 15. exf5 Nxf5 16. Bc4+ (16. Bd3 $16) 16... Kh8 $11 17. Rhf1 {[#]} Rc8 $146 ({Black should play} 17... Qc7 $11 18. Bd5 Nxe3 19. Qxe3 Rxf1 20. Rxf1 Rf8) ({Predecessor:} 17... Qa5 18. Rxf5 Rxf5 19. Be6 e4 20. Bxd7 Bxc3 21. Qxc3+ Qxc3 22. bxc3 Rf3 23. Re1 a6 {1-0 (36) Berki,M-Pernes,B Dallas 2000}) 18. Be6 $14 Nxe3 19. Qxe3 Rc6 (19... Rxf1 $11 20. Rxf1 Rb8) 20. Qh3 ({And not} 20. Qxa7 Nc5 $17) (20. Bf5 $16) 20... Rxf1 $11 21. Rxf1 Nf8 22. Rf7 d5 $1 23. Bxd5 Rxc3 {[%mdl 64] Remove Defender} 24. bxc3 $40 {[%mdl 128] And now Qf3 would win. White attacks.} Qxd5 {[%mdl 64] Double Attack} 25. g6 {Threatening mate with Rxf8+!} h6 26. Qf5 Kg8 {Strongly threatening ...Nxg6!} 27. Rxe7 Qxa2 {Threatens to win with ...Qa3+.} 28. Rxb7 e4 {...Qa1+ is the strong threat.} 29. Kd2 a5 (29... Kh8 $11) 30. Ke3 {Black must now prevent Qf7+.} a4 (30... Bxc3 $14 31. Rb8 (31. Qxe4 Bg7 $11) 31... Bg7) 31. Qf7+ $1 $18 ({Weaker is} 31. Qxe4 Qa1 $11) 31... Qxf7 32. gxf7+ Kh7 {[#]} 33. Ra7 ({Don't play} 33. Kxe4 $6 Bxc3 34. Ra7 Kg7 $14) (33. c4 $1 $16) 33... Bxc3 $11 34. Rxa4 Kg7 35. Ra7 Ne6 $2 (35... Bb4 $1 $11 36. Kxe4 Bc5) 36. Kxe4 $16 Ng5+ $2 {[#] Loses the game.} (36... Nf8 $16 {was worth a try.} 37. Kf5 Bd4) 37. Kf5 $1 $18 Nf3 $2 (37... Bb4 38. c4 Bf8) 38. Ra3 {White is clearly winning.} Nd4+ 39. Ke4 Bb4 40. Rg3+ {Weighted Error Value: White=0.25/Black=0.47} 1-0

[Event "Orsha A 2021"]
[Site "Orsha"]
[Date "2021.04.09"]
[Round "6.6"]
[White "Siniauski, Artsiom"]
[Black "Vainerchuk, Barys"]
[Result "1/2-1/2"]
[WhiteElo "2277"]
[BlackElo "1993"]
[Annotator "TA"]
[PlyCount "93"]
[EventDate "2021.04.06"]
[EventType "swiss"]
[EventCountry "BLR"]
[SourceTitle "playchess.com"]
[Source "ChessBase"]
[SourceQuality "1"]

{[%evp 9,93,5,3,-8,10,8,29,8,21,8,8,0,0,0,5,-11,0,0,20,-62,-52,-51,-46,-75,-64,-73,-20,-63,-61,-67,-59,-136,-151,-190,-166,-162,-95,-90,-73,-63,-68,-57,-72,-109,-98,-97,-49,-276,-174,-312,-301,-285,-196,-204,-225,-223,-197,-293,-233,-218,-160,-160,-152,-262,-260,-256,-166,-171,-163,-150,-158,-218,-218,-192,-160,-175,-104,-104,-104,-104,-92,-91,-77,-100,-83,-127]} 1. e4 c5 2. Nf3 e6 3. c4 Nc6 4. Be2 e5 5. Nc3 d6 6. a3 {B40: Sicilian: 2...e6, Unusual lines.} g6 7. b4 {[#]} b6 $146 ({Predecessor:} 7... Bg7 8. O-O Nge7 9. Rb1 O-O 10. d3 b6 11. Nd5 h6 12. bxc5 dxc5 13. Bd2 Rb8 {0-1 (48) Tran,T (2534)-Dao,T (2456) Hanoi 2017}) 8. Nd5 {White has an edge.} Nf6 9. d3 Nxd5 10. exd5 Ne7 11. O-O Bg7 {Hoping for ...e4!} 12. Bb2 O-O 13. Nd2 g5 14. a4 ({White should try} 14. Rb1 $11) 14... cxb4 $15 15. a5 $1 Bd7 16. Nb3 b5 17. Qd2 Ng6 (17... g4 $17) 18. Qxb4 Nf4 19. Rfe1 Bf5 20. cxb5 (20. Nc1 $15) 20... Bxd3 $17 21. Bf3 Rb8 22. b6 Ba6 (22... axb6 $19 23. a6 f5) 23. Ba3 Nd3 $36 {[%mdl 2048] Black is in control.} 24. Qxd6 Nxe1 25. Rxe1 axb6 {[%cal Ba7b6,Bb6a5,Ba5a4][%mdl 32]} 26. Qc6 Re8 {aiming for ...e4.} 27. Bd6 Rb7 28. Rc1 $2 ({Better is} 28. Nd4 $15) 28... bxa5 29. Bc7 {[#]} (29. Qxa6 $142 Rb6 30. Qxa5 Qxd6 31. Qa4) 29... Rxc7 $1 $19 30. Qxc7 a4 31. Qxd8 Rxd8 32. Nc5 Bb5 33. Be4 (33. Rb1 {was worth a try.} Be8 34. g4) 33... Bf8 34. Rb1 Bxc5 35. Rxb5 {[%mdl 4096] Endgame KRB-KRB} Bd6 36. Ra5 (36. g4 $17) 36... a3 37. g4 h6 38. Ra6 Kf8 39. Kg2 Ke7 40. Kf3 {[#]} (40. Ra7+ $17 Rd7 41. Ra6) 40... Rb8 $1 41. Ra7+ Kf8 42. Ra6 Bc5 (42... Rb3+ $19 43. Ke2 Ke7) 43. d6 $17 {Black is better.} Rd8 44. Bd5 Bxd6 45. Ke4 Bc5 46. Rxh6 Bxf2 47. Rf6 {Weighted Error Value: White=0.34/Black=0.20} 1/2-1/2

[Event "Orsha A 2021"]
[Site "Orsha"]
[Date "2021.04.09"]
[Round "6.7"]
[White "Bugaev, Anton"]
[Black "Ulasevich, Sergei"]
[Result "0-1"]
[WhiteElo "1748"]
[BlackElo "2170"]
[Annotator "TA"]
[PlyCount "77"]
[EventDate "2021.04.06"]
[EventType "swiss"]
[EventCountry "BLR"]
[SourceTitle "playchess.com"]
[Source "ChessBase"]
[SourceQuality "1"]

{[%evp 16,77,-4,-38,-21,-18,-16,-22,-21,-47,-45,-60,-59,-59,-54,-62,-56,-59,-35,-37,-37,-37,-38,-77,-82,-88,-13,-13,0,0,0,-13,39,40,41,47,45,45,45,-31,20,-14,-14,-14,-14,-14,0,0,0,-45,-18,-56,-25,-77,-45,-59,-7,-6,-6,-106,-14,-6,-14,-1125]} 1. c4 c5 2. Nf3 g6 3. g3 Bg7 4. Bg2 Nc6 5. O-O d6 6. Nc3 e5 7. d3 Nge7 8. e4 O-O 9. Ne1 Rb8 {A37: Symmetrical English vs ...g6: 4 Bg2 Bg7 5 Nf3.} 10. Nc2 a6 11. Ne3 b5 {[#]} 12. cxb5 $146 ({Predecessor:} 12. Ned5 Nxd5 13. Nxd5 Ne7 14. Nxe7+ Qxe7 15. b3 f5 16. Bd2 f4 17. g4 Qh4 18. f3 {0-1 (38) Wexler,B-Sanguineti,R Mar del Plata 1957}) 12... axb5 13. Ncd5 Nxd5 14. Nxd5 Be6 15. Be3 b4 16. Qd2 Ne7 17. Nxe7+ Qxe7 18. a3 Rb6 19. a4 Ra6 20. Qd1 b3 (20... f5 $17 {next ...f4 is good for Black.} 21. exf5 Rxf5) 21. Bd2 $11 Qd7 22. a5 Rb8 23. Bc3 d5 (23... Qd8 $11) 24. exd5 $1 $14 Bxd5 25. Bxd5 Qxd5 26. Qe2 Rd6 27. Ra3 (27. Qe3 $14) 27... h5 (27... Qxd3 $15 28. Qxd3 Rxd3) 28. Qe4 (28. Qe3 {is more complex.} Qxd3 29. Qxc5 h4 30. gxh4 Qh3 31. Qe3) 28... Qxd3 29. Qxd3 Rxd3 30. a6 Rd7 31. a7 Ra8 32. Rxb3 Raxa7 (32... Rdxa7 {with more complications.} 33. Re1 f6 34. Kg2 Rc7 35. Rb6 Kf7) 33. Rb5 Rac7 34. Ba5 (34. Rb8+ $11 Kh7 35. Re8) 34... Rc8 35. Rc1 c4 (35... Bf8 $15) 36. b3 $11 Rd4 37. Bb6 (37. Kf1 $11) 37... Bh6 (37... c3 $17 {...c2 is the strong threat.} 38. Rc5 Rxc5 39. Bxc5 Rd3) 38. Rxc4 Rdxc4 39. b4 $2 {[%mdl 8192] Weighted Error Value: White=0.21/Black=0.28} (39. bxc4 $11 Rxc4 40. Rxe5) 0-1

[Event "Orsha A 2021"]
[Site "Orsha"]
[Date "2021.04.09"]
[Round "6.8"]
[White "Poliakova, Varvara"]
[Black "Naumovich, Yaroslav"]
[Result "1-0"]
[WhiteElo "1918"]
[BlackElo "2022"]
[Annotator "TA"]
[PlyCount "131"]
[EventDate "2021.04.06"]
[EventType "swiss"]
[EventCountry "BLR"]
[SourceTitle "playchess.com"]
[Source "ChessBase"]
[SourceQuality "1"]

{[%evp 22,131,2,3,4,4,14,14,8,9,66,61,68,55,56,50,193,211,203,196,217,217,245,245,245,244,233,244,244,244,259,259,259,259,259,259,259,259,259,259,259,252,245,245,245,237,232,224,225,217,217,215,215,215,215,215,215,0,215,215,540,355,528,521,514,514,968,944,961,955,919,852,785,697,5202,4041,29976,29976,29981,29982,29982,29975,29974,29975,29975,29976,29976,29977,29977,29978,29978,29979,29979,29980,29980,29981,29983,29984,29985,29982,29982,29983,29983,29983,29985,29986,29986,29985,29985,29986,29986,29987]} 1. e4 e5 2. Nf3 Nf6 3. Nc3 Nc6 4. d4 exd4 5. Nxd4 Bb4 6. Nxc6 bxc6 7. Bd3 d5 8. exd5 cxd5 9. O-O O-O 10. Bg5 Be7 11. Bxf6 Bxf6 12. Qh5 {[%csl Gd3][%cal Rh5h7] [#]} g6 {C47: Scotch Four Knights and Four Knights with 4 g3.} 13. Qxd5 Qxd5 14. Nxd5 Bxb2 {The position is equal.} 15. Rab1 ({Not} 15. Nxc7 Bxa1 16. Nxa8 Be5 $17) 15... Be5 (15... Rb8 $11) 16. Rfe1 $14 Bd6 17. Nf6+ Kh8 18. Be4 $36 {[%mdl 2048] White is pushing.} Be6 (18... c6 $1 $14) 19. Bxa8 $18 Rxa8 20. Ne4 Bxa2 {[#]} 21. Rb2 $146 ({Predecessor:} 21. Ra1 Be6 22. Nxd6 cxd6 23. Ra6 d5 24. f3 Kg7 25. Kf2 Rc8 26. Re2 Rc7 27. Ke1 {1-0 (67) Rohan,B (1953)-Prathamesh,S (1597) Mumbai 2020}) 21... Be6 22. Nxd6 cxd6 {[%mdl 4096] Endgame KRR-KRB} 23. Reb1 Kg7 24. Rb8 Rxb8 25. Rxb8 {KR-KB} Bc4 26. Rd8 d5 27. Ra8 a6 28. f4 Kf6 29. Kf2 h6 30. Ke3 h5 31. Ra7 Bf1 32. g3 Ke6 33. Kd4 Bc4 34. Rb7 f6 35. c3 Kf5 36. Ke3 Kg4 37. Rb6 Kf5 38. Rb1 Kg4 39. Rb6 Kf5 40. h3 Bf1 $2 {[#]} (40... g5 {is a better chance.} 41. fxg5 Kxg5) 41. Rd6 Bxh3 (41... Bc4 $142 42. Kf3 g5 43. g4+ hxg4+ 44. hxg4+ Kg6) 42. Rxd5+ Kg4 43. Kf2 h4 (43... a5 $142 44. Rxa5 h4 45. gxh4 Kxf4 46. Ra4+ Ke5) 44. Rd3 Kf5 45. gxh4 Bg4 46. Ke3 Bh3 47. Rd5+ Kg4 48. Rd6 Kxh4 49. Rxf6 {White mates.} g5 50. Rh6+ Kg4 51. Rg6 Kf5 52. Rxg5+ Kf6 53. Ra5 Bc8 54. Kd4 Ke6 55. Kc5 Kf5 56. Kd6+ Kxf4 57. c4 Ke4 58. c5 Kd4 59. c6 Kc4 60. Kc7 Bh3 61. Rxa6 Kb5 62. Ra1 Bg2 63. Rc1 Bf3 64. Kd7 Bg4+ 65. Kd8 Kb6 66. c7 {Weighted Error Value: White=0.10/Black=0.31} 1-0

[Event "Orsha A 2021"]
[Site "Orsha"]
[Date "2021.04.09"]
[Round "7.1"]
[White "Sargsyan, Anna M."]
[Black "Aleksandrov, Aleksej"]
[Result "0-1"]
[WhiteElo "2380"]
[BlackElo "2563"]
[Annotator "TA"]
[PlyCount "86"]
[EventDate "2021.04.06"]
[EventType "swiss"]
[EventCountry "BLR"]
[SourceTitle "playchess.com"]
[Source "ChessBase"]
[SourceQuality "1"]

{[%evp 12,86,28,10,17,6,25,11,38,29,28,30,29,25,25,22,33,30,31,0,-8,-11,-10,-14,0,0,-10,-15,-4,-8,0,4,0,4,12,3,0,7,16,0,0,0,0,0,0,0,0,0,0,0,0,0,0,0,0,0,0,0,0,-40,0,0,0,-453,-436,-1035,-979,-29974,-29975,-29975,-29976,-29976,-29977,-29977,-29978,-29996,-29997]} 1. e4 e5 2. Nf3 Nc6 3. Bc4 Bc5 4. d3 Nf6 5. O-O h6 6. c3 d6 7. Re1 O-O {C54: Giuoco Piano: 4 c3 Nf6, main lines with 5 d4 and 5 d3.} 8. Nbd2 a6 9. a4 Re8 {The position is equal.} 10. Nf1 Ba7 11. Be3 Be6 12. Bxe6 Rxe6 13. Bxa7 Rxa7 14. b4 {[%cal Bb2b4,Bb4b5][%mdl 32]} Ra8 {[#]} 15. b5 $146 ({Predecessor:} 15. Qb3 Ne7 16. Ne3 Ng6 17. g3 Qd7 18. c4 Nh5 19. Qd1 Nf6 20. b5 Nh7 21. Rb1 {½-½ (82) Karjakin,S (2781)-Mamedyarov,S (2800) Paris 2017}) 15... Nb8 16. Ng3 Nbd7 17. d4 Qf8 18. Qb3 axb5 19. Qxb5 b6 20. a5 exd4 21. cxd4 {Threatening d5.} bxa5 22. Rxa5 c6 23. Qa4 Rxa5 24. Qxa5 Qe8 {[%cal Rf6e4]} 25. h3 (25. Qf5 {feels hotter.} Qb8 26. Qf4 c5 27. Qd2 cxd4 28. Nxd4 Re8 29. Ndf5) 25... Nxe4 26. Rxe4 Rxe4 27. Nxe4 Qxe4 28. Qd8+ Nf8 29. Qxd6 Ng6 30. Qd8+ Kh7 31. Qd7 f6 32. Nd2 Qd3 33. Nf1 c5 34. d5 Ne5 35. Qb7 c4 {[#] And now ...c3 would win.} 36. Ne3 f5 37. g3 $2 {[%mdl 8192]} (37. Qb8 $11 f4 38. Qxe5 fxe3 39. fxe3) 37... c3 $19 38. Qb3 (38. Qc7 $142 Nf3+ 39. Kg2 Ne1+ 40. Kg1) 38... Nf3+ 39. Kh1 Nd4 {Black mates.} 40. Qa3 Qe4+ 41. Kh2 Qf3 42. Qxc3 Qxf2+ 43. Kh1 Ne2 {[%cal Re2g3][%mdl 64] Double Attack.  Weighted Error Value: White=0.62/Black=0.05} 0-1

[Event "Orsha A 2021"]
[Site "Orsha"]
[Date "2021.04.09"]
[Round "7.2"]
[White "Stupak, Kirill"]
[Black "Tsaruk, Maksim"]
[Result "1/2-1/2"]
[WhiteElo "2501"]
[BlackElo "2306"]
[Annotator "ChessBase"]
[PlyCount "68"]
[EventDate "2021.04.06"]
[EventType "swiss"]
[EventCountry "BLR"]
[SourceTitle "playchess.com"]
[Source "ChessBase"]
[SourceQuality "1"]
[TimeControl "5400+30"]

1. d4 {[%emt 0:02:11]} Nf6 {[%emt 0:00:00]} 2. c4 {[%emt 0:00:25]} e6 {[%emt 0:00:00]} 3. Nc3 {[%emt 0:00:02]} d5 {[%emt 0:00:00]} 4. Nf3 {[%emt 0:01:01]} c5 {[%emt 0:00:00]} 5. e3 {[%emt 0:02:24]} Nc6 {[%emt 0:00:07]} 6. a3 {[%emt 0:00:04]} dxc4 {[%emt 0:05:12]} 7. Bxc4 {[%emt 0:01:13]} a6 {[%emt 0:00:18]} 8. O-O {[%emt 0:05:26]} b5 {[%emt 0:02:27]} 9. Ba2 {[%emt 0:00:59]} Bb7 {[%emt 0:00:06]} 10. Qe2 {[%emt 0:06:22]} Be7 {[%emt 0:00:45]} 11. Rd1 {[%emt 0:05:33]} Qc7 {[%emt 0:07:40]} 12. Qc2 {[%emt 0:22:11]} Qb6 {[%emt 0:35:20]} 13. d5 {[%emt 0:19:15]} exd5 {[%emt 0:00:06]} 14. Nxd5 {[%emt 0:00:02]} Nxd5 {[%emt 0:00:05]} 15. Bxd5 {[%emt 0:00:03]} O-O {[%emt 0:03:22]} 16. e4 {[%emt 0:00:36]} c4 {[%emt 0:10:30]} 17. Be3 {[%emt 0:09:03]} Qc7 {[%emt 0:00:07]} 18. e5 {[%emt 0:02:10]} Nd8 {[%emt 0:12:06]} 19. b3 {[%emt 0:05:48]} Rc8 {[%emt 0:01:53]} 20. bxc4 {[%emt 0:02:15]} Bxd5 {[%emt 0:01:00]} 21. Rxd5 {[%emt 0:01:30]} Qxc4 {[%emt 0:00:05]} 22. Qxc4 {[%emt 0:03:06]} Rxc4 {[%emt 0:00:06]} 23. Rd4 {[%emt 0:01:41]} Rc3 {[%emt 0:01:41]} 24. a4 {[%emt 0:01:41]} Bc5 {[%emt 0:11:53]} 25. axb5 {[%emt 0:07:29]} axb5 {[%emt 0:00:19]} 26. Rd5 {[%emt 0:01:04]} Bxe3 {[%emt 0:00:08]} 27. fxe3 {[%emt 0:00:04]} Rxe3 {[%emt 0:03:58]} 28. Ra8 {[%emt 0:00:17]} Ne6 {[%emt 0:00:08]} 29. Rxf8+ {[%emt 0:00:04]} Kxf8 {[%emt 0:00:04]} 30. Rxb5 {[%emt 0:00:04]} g5 {[%emt 0:00:47]} 31. h3 {[%emt 0:01:37]} Kg7 {[%emt 0:00:59]} 32. Rb2 {[%emt 0:02:01]} h5 {[%emt 0:00:34]} 33. Kf2 {[%emt 0:01:03]} Re4 {[%emt 0:00:08]} 34. Rb5 {[%emt 0:01:28]} Kg6 {[%emt 0:03:21]} 1/2-1/2

[Event "Orsha A 2021"]
[Site "Orsha"]
[Date "2021.04.09"]
[Round "7.3"]
[White "Poliakova, Varvara"]
[Black "Zarubitski, Viachaslau"]
[Result "0-1"]
[WhiteElo "1918"]
[BlackElo "2456"]
[Annotator "ChessBase"]
[PlyCount "70"]
[EventDate "2021.04.06"]
[EventType "swiss"]
[EventCountry "BLR"]
[SourceTitle "playchess.com"]
[Source "ChessBase"]
[SourceQuality "1"]
[TimeControl "5400+30"]

1. e4 {[%emt 0:00:00]} e6 {[%emt 1:30:30]} 2. d4 {[%emt 1:31:00]} b6 {[%emt 0:00:03]} 3. Bd3 {[%emt 0:03:08]} Bb7 {[%emt 0:00:21]} 4. c3 {[%emt 0:01:36]} c5 {[%emt 0:03:05]} 5. Ne2 {[%emt 0:03:27]} Nf6 {[%emt 0:00:41]} 6. Nd2 {[%emt 0:00:57]} d5 {[%emt 0:09:49]} 7. e5 {[%emt 0:01:05]} Nfd7 {[%emt 0:00:02]} 8. Nf3 {[%emt 0:00:47]} Ba6 {[%emt 0:02:28]} 9. Bc2 {[%emt 0:01:49]} Nc6 {[%emt 0:00:47]} 10. a3 {[%emt 0:01:37]} Qc7 {[%emt 0:02:12]} 11. O-O {[%emt 0:04:27]} Rc8 {[%emt 0:03:48]} 12. Bb1 {[%emt 0:09:16]} Na5 {[%emt 0:03:51]} 13. Re1 {[%emt 0:01:37]} Bxe2 {[%emt 0:19:26]} 14. Rxe2 {[%emt 0:04:05]} cxd4 {[%emt 0:03:13]} 15. Nxd4 {[%emt 0:01:00]} Nc6 {[%emt 0:01:46]} 16. Nb5 {[%emt 0:01:50]} Qb8 {[%emt 0:00:52]} 17. c4 {[%emt 0:06:50]} dxc4 {[%emt 0:03:37]} 18. Nd6+ {[%emt 0:01:40]} Bxd6 {[%emt 0:00:05]} 19. exd6 {[%emt 0:00:02]} Nce5 {[%emt 0:04:08]} 20. Bf4 {[%emt 0:05:15]} Ng6 {[%emt 0:02:03]} 21. Bg3 {[%emt 0:00:07]} O-O {[%emt 0:00:40]} 22. h4 {[%emt 0:07:20]} Rc5 {[%emt 0:01:15]} 23. h5 {[%emt 0:04:01]} Nge5 {[%emt 0:03:37]} 24. Rd2 {[%emt 0:06:38]} f5 {[%emt 0:33:53]} 25. f4 {[%emt 0:04:36]} Ng4 {[%emt 0:00:54]} 26. Qe2 {[%emt 0:04:56]} Qe8 {[%emt 0:03:19]} 27. Bc2 {[%emt 0:02:31]} Rf6 {[%emt 0:03:39]} 28. Bh4 {[%emt 0:01:39]} Qxh5 {[%emt 0:03:47]} 29. g3 {[%emt 0:00:02]} Rh6 {[%emt 0:00:18]} 30. Qf3 {[%emt 0:01:08]} Ngf6 {[%emt 0:02:08]} 31. Qa8+ {[%emt 0:01:14]} Qe8 {[%emt 0:00:28]} 32. Qxa7 {[%emt 0:01:11]} Rxh4 {[%emt 0:06:02]} 33. gxh4 {[%emt 0:00:13]} Nd5 {[%emt 0:00:05]} 34. Rf2 {[%emt 0:04:36]} Ra5 {[%emt 0:01:09]} 35. Qb7 {[%emt 0:02:42]} Nc5 {[%emt 0:00:05]} 0-1

[Event "Orsha A 2021"]
[Site "Orsha"]
[Date "2021.04.09"]
[Round "7.4"]
[White "Navumenka, Mikhei"]
[Black "Barseghyan, Armen Ar."]
[Result "1/2-1/2"]
[WhiteElo "2052"]
[BlackElo "2358"]
[Annotator "NA"]
[PlyCount "65"]
[EventDate "2021.04.06"]
[EventType "swiss"]
[EventCountry "BLR"]
[SourceTitle "playchess.com"]
[Source "ChessBase"]
[SourceQuality "1"]
[TimeControl "5400+30"]

1. d4 {[%emt 0:00:00]} Nf6 {[%emt 0:00:00]} 2. c4 {[%emt 0:00:09]} e6 {[%emt 0:00:00]} 3. Nf3 {[%emt 0:00:06]} a6 {[%emt 0:00:34]} 4. g3 {[%emt 1:31:45]} b5 {[%emt 0:00:22]} 5. b3 {[%emt 0:01:40]} Bb4+ {[%emt 0:01:33]} 6. Bd2 {[%emt 0:00:26]} Be7 {[%emt 1:30:31]} 7. Bg2 {[%emt 0:00:09]} Bb7 {[%emt 0:00:05]} 8. O-O {[%emt 0:00:31]} O-O {[%emt 0:00:42]} 9. Nc3 {[%emt 0:07:47]} Ne4 {[%emt 0:01:52]} 10. Ne1 {[%emt 0:02:42]} Nxc3 {[%emt 0:00:13]} 11. Bxc3 {[%emt 0:00:06]} Bxg2 {[%emt 1:29:56]} 12. Nxg2 {[%emt 0:00:51]} d5 {[%emt 0:08:08]} 13. Qc2 {[%emt 0:03:28]} c6 {[%emt 1:22:42]} 14. e4 {[%emt 1:16:55]} Nd7 {[%emt 0:01:37]} 15. Rfe1 {[%emt 0:01:36]} dxe4 {[%emt 0:04:32]} 16. Qxe4 {[%emt 0:00:46]} Rc8 {[%emt 0:00:04]} 17. Rad1 {[%emt 0:01:14]} Nf6 {[%emt 1:04:54]} 18. Qe2 {[%emt 1:09:16]} Qb6 {[%emt 0:06:16]} 19. Nf4 {[%emt 1:08:27]} Rfe8 {[%emt 0:05:02]} 20. Qf3 $11 {[%emt 0:03:45]} bxc4 {[%emt 0:34:43]} 21. bxc4 {[%emt 0:00:33]} a5 {[%emt 0:00:35]} 22. d5 {[%emt 0:12:29]} cxd5 {[%emt 0:00:25]} 23. cxd5 {[%emt 0:00:44]} Nxd5 {[%emt 0:04:54]} 24. Nxd5 {[%emt 0:07:18]} exd5 {[%emt 0:00:17]} 25. Bxg7 {[%emt 0:01:13]} Kxg7 {[%emt 0:01:28]} 26. Rxe7 {[%emt 0:00:14]} Rxe7 {[%emt 0:00:38]} 27. Qg4+ {[%emt 0:00:05]} Qg6 {[%emt 0:00:54]} 28. Qxc8 {[%emt 0:00:11]} Re2 {[%emt 0:08:52]} 29. a3 {[%emt 0:18:07]} Qe4 {[%emt 0:01:38]} 30. Qc3+ {[%emt 0:00:10]} f6 {[%emt 0:00:05]} 31. Qxa5 {[%emt 0:02:25]} Kg6 {[%emt 0:00:41]} 32. Qc3 {[%emt 0:02:15]} d4 {[%emt 0:01:18]} 33. Qb3 {[%emt 0:01:46]} 1/2-1/2

[Event "Orsha A 2021"]
[Site "Orsha"]
[Date "2021.04.09"]
[Round "7.5"]
[White "Apryshko, Gleb"]
[Black "Sarychev, Sergey"]
[Result "1-0"]
[WhiteElo "2391"]
[BlackElo "1904"]
[Annotator "NA"]
[PlyCount "37"]
[EventDate "2021.04.06"]
[EventType "swiss"]
[EventCountry "BLR"]
[SourceTitle "playchess.com"]
[Source "ChessBase"]
[SourceQuality "1"]
[TimeControl "5400+30"]

1. e4 {[%emt 0:04:26]} e6 {[%emt 0:00:00]} 2. d3 {[%emt 0:00:03]} d5 {[%emt 0:02:59]} 3. Nd2 {[%emt 0:00:02]} c5 {[%emt 0:00:10]} 4. Ngf3 {[%emt 0:00:03]} Nc6 {[%emt 0:00:28]} 5. g3 {[%emt 0:00:01]} Bd6 {[%emt 0:00:12]} 6. Bg2 {[%emt 0:00:04]} Nge7 {[%emt 0:00:08]} 7. O-O {[%emt 0:00:11]} O-O {[%emt 0:00:10]} 8. Nh4 {[%emt 0:03:57]} g5 {[%emt 0:04:07]} 9. Nhf3 {[%emt 0:00:10]} f6 {[%emt 0:00:18]} 10. exd5 {[%emt 0:00:25]} exd5 {[%emt 0:01:52]} 11. c4 {[%emt 0:00:09]} Bf5 {[%emt 0:03:08]} 12. cxd5 {[%emt 0:00:33]} Nb4 {[%emt 0:03:29]} 13. Ne4 {[%emt 0:00:23]} Nbxd5 {[%emt 0:06:56]} 14. b4 {[%emt 0:35:54]} (14. h4 $16) 14... cxb4 {[%emt 0:25:03]} 15. Qb3 {[%emt 0:02:26]} (15. h4 $14) 15... a5 {[%emt 0:06:30]} 16. a4 $15 {[%emt 0:01:43]} Kg7 {[%emt 0:15:39]} 17. Bb2 {[%emt 0:00:07]} g4 {[%emt 0:05:20]} 18. Nd4 {[%emt 0:00:38]} Bc8 {[%emt 0:04:53]} 19. Ng5 {[%emt 0:01:55]} 1-0

[Event "Orsha A 2021"]
[Site "Orsha"]
[Date "2021.04.09"]
[Round "7.6"]
[White "Klachkou, Platon"]
[Black "Siniauski, Artsiom"]
[Result "0-1"]
[WhiteElo "1756"]
[BlackElo "2277"]
[Annotator "NA"]
[PlyCount "65"]
[EventDate "2021.04.06"]
[EventType "swiss"]
[EventCountry "BLR"]
[SourceTitle "playchess.com"]
[Source "ChessBase"]
[SourceQuality "1"]
[TimeControl "5400+30"]

1. e4 {[%emt 0:00:55]} e6 {[%emt 0:00:02]} 2. d4 {[%emt 0:00:00]} d5 {[%emt 0:00:03]} 3. Nc3 {[%emt 0:00:00]} Nf6 {[%emt 0:00:17]} 4. Bg5 {[%emt 0:00:00]} Bb4 {[%emt 0:00:38]} 5. e5 {[%emt 0:00:00]} h6 {[%emt 0:00:08]} 6. exf6 {[%emt 0:00:00]} hxg5 {[%emt 0:00:07]} 7. fxg7 {[%emt 0:00:00]} Rg8 {[%emt 0:00:04]} 8. a3 {[%emt 0:00:00]} Bxc3+ {[%emt 0:03:15]} 9. bxc3 {[%emt 0:00:00]} Qf6 {[%emt 0:00:18]} 10. c4 {[%emt 0:00:00]} Qxg7 {[%emt 0:07:58]} 11. cxd5 {[%emt 0:00:00]} exd5 {[%emt 0:00:07]} 12. Bd3 {[%emt 0:00:00]} Nc6 {[%emt 0:00:32]} 13. Ne2 {[%emt 0:00:00]} Be6 {[%emt 0:01:24]} 14. c3 {[%emt 0:00:00] [#]} O-O-O $1 {[%emt 0:02:36]} 15. Rb1 {[%emt 0:00:00]} Rd6 {[%emt 0:03:36]} 16. Qa4 {[%emt 0:00:00]} Qh6 {[%emt 0:06:04]} 17. Ng3 {[%emt 0:00:00]} g4 {[%emt 0:07:08]} 18. Qd1 {[%emt 0:00:00]} Re8 {[%emt 0:03:28]} 19. Kf1 {[%emt 0:00:00]} Kb8 {[%emt 0:07:54]} 20. Qc1 {[%emt 0:00:00]} Qh8 {[%emt 0:14:32]} 21. Ne2 {[%emt 0:00:00]} Na5 {[%emt 0:02:50]} 22. Nf4 {[%emt 0:10:30]} Nc4 {[%emt 0:37:59]} 23. g3 $15 {[%emt 0:00:00]} Qf6 {[%emt 0:02:08]} 24. Kg2 {[%emt 0:00:00]} Bf5 {[%emt 0:00:45]} 25. Bxf5 {[%emt 0:12:00]} Qxf5 {[%emt 0:00:05]} 26. Re1 {[%emt 0:00:00]} Rh8 {[%emt 0:01:26]} 27. Qd1 {[%emt 0:00:00]} Rdh6 {[%emt 0:01:38]} 28. h4 {[%emt 0:00:00]} gxh3+ {[%emt 0:00:35]} 29. Kh2 {[%emt 0:00:00]} Re6 {[%emt 0:02:00]} 30. Rxe6 {[%emt 0:00:00]} fxe6 {[%emt 0:00:06]} 31. Qe1 {[%emt 0:00:00]} e5 {[%emt 0:00:54]} 32. dxe5 {[%emt 0:00:00]} Nxe5 {[%emt 0:00:14]} 33. Qd1 {[%emt 0:00:00]} 0-1